000 01939cad a22002415a 4500
001 L145147
008 080911e20080905xxkdo f f000 0 eng d
020 _a9781409803744
035 _a(Sirsi) u145147
041 0 _aeng
050 0 4 _a333.33 $2 18
100 1 _aUnited Kingdom
_bDepartment for Communities and Local Government
_94939
245 0 0 _aEnergy Performance Certificates (EPCs) and renting homes
_ba landlord's guide
_h[electronic resource]
260 _aLondon
_bDCLG
_c2008
505 2 _aWhat does this mean in practice? -- What is an energy performance certificate? -- How do I get an energy performance certificate? -- What does an energy inspection involve? -- Getting ready for the assessment -- What sort of recommendations will be made and what do they mean? -- Do I have to act on the recommendations? -- I already have a lot of data about my properties, can this be used? -- I have a number of similar properties, do all of them need to be visited to produce an EPC? -- What happens if I am dissatisfied with the energy assessment or EPC? -- What are the penalties if I do not provide an EPC? -- Financial assistance for improvement works -- For further information about EPCs
520 _aGovernment guidance for landlords on Energy Performance Certificates (EPCs) offers a range of advice as regards the practical effects of EPCs for residential properties. Describes the assessment for an EPC; recommendations and details of schemes available to landlords to help offset the cost of energy improvements to their properties.
521 _aAdvanced
590 _aKA
651 4 _aEngland and Wales
_y1543-
690 _aCAREERS, EDUCATION AND TRAINING-RICS ACCREDITATION AND CERTIFICATION SCHEMES-ENERGY PERFORMANCE OF BUILDINGS
856 4 0 _uhttps://www.communities.gov.uk/publications/planningandbuilding/epcsrentinglandlords
_zView the item free of charge online at www.communities.gov.uk...
942 _n0
999 _c108698
_d108698